| Tag |
First Indicator |
Second Indicator |
Subfields |
| LEADER |
00000cam a2200000 4500 |
| 001 |
in00000041015 |
| 005 |
20151007070606.0 |
| 008 |
760506s1937 nyua 00010 eng |
| 010 |
|
|
|a 37032661
|
| 035 |
|
|
|a (OCoLC)02160357
|
| 035 |
|
|
|9 AAE4312AM
|
| 040 |
|
|
|a DLC
|c KSU
|d TXA
|d UtOrBLW
|
| 049 |
|
|
|a TXAM
|c [149720]
|
| 050 |
0 |
0 |
|a QH309
|b .G6
|
| 082 |
0 |
|
|a 574
|
| 092 |
|
|
|a 574
|b G623a
|
| 100 |
1 |
|
|a Goldschmidt, Richard,
|d 1878-1958.
|
| 245 |
1 |
0 |
|a Ascaris, the biologist's story of life /
|c by Dr. Richard Goldschmidt ...
|
| 264 |
|
1 |
|a New York :
|b Prentice-Hall, inc.,
|c 1937.
|
| 300 |
|
|
|a ix, 390 pages :
|b illustrations
|
| 336 |
|
|
|a text
|b txt
|2 rdacontent
|
| 337 |
|
|
|a unmediated
|b n
|2 rdamedia
|
| 338 |
|
|
|a volume
|b nc
|2 rdacarrier
|
| 650 |
|
0 |
|a Biology.
|
| 999 |
|
|
|a MARS
|
| 999 |
f |
f |
|s 10b79a7e-172b-3080-b3d2-6ae3b61fe3c5
|i f562314b-9211-3712-82f9-50c582908843
|t 0
|
| 952 |
f |
f |
|p ric
|a Texas A&M University
|b Rellis Campus
|c Joint Library Facility
|d Remote Storage
|t 0
|e QH309 .G6
|h Library of Congress classification
|i unmediated -- volume
|m A14800970472
|
| 998 |
f |
f |
|a QH309 .G6
|t 0
|l Remote Storage
|